000 00338nam a22001457a 4500
008 230413b ||||| |||| 00| 0 eng d
020 _a9780192617026
041 _aeng
080 _a610.73
082 _a610.73McG
100 _a8
101 _aINF
245 _aFITNESS FOR WORL THE MEDICAL ASPECTS
_cMcCALLUM.I.R.E
942 _2udc
_cBK
999 _c59522
_d59522